[Event "IECC Swiss-510.4"]
[Site "IECC email"]
[Date "2007.09.18"]
[Round "?"]
[White "Stilman, Eduardo"]
[Black "Weir, Tony"]
[Result "1/2-1/2"]
[WhiteElo "2041"]
[BlackElo "2007"]
[PlyCount "57"]
[EventDate "2007.??.??"]
[EventType "swiss (corr)"]
[EventRounds "1"]
[SourceTitle "Corr 2011"]
[Source "ChessBase"]
[SourceDate "2010.08.31"]
[SourceVersion "1"]
[SourceVersionDate "2010.08.31"]
[SourceQuality "1"]
[WhiteTeam "US of America"]
[BlackTeam "Hungary"]
[WhiteTeamCountry "USA"]
[BlackTeamCountry "HUN"]

1. e4 e6 2. d4 d5 3. Nd2 Nf6 4. e5 Nfd7 5. Bd3 c5 6. c3 Nc6 7. Ne2 cxd4 8. cxd4 f6 9. exf6 Nxf6 10. Nf3 Bd6 11. 0-0 0-0 12. Bf4 Bxf4 13. Nxf4 Ne4 14. Ne2 Rxf3 15. gxf3 Ng5 16. Kh1 e5 17. dxe5 Nxf3 18. Bxh7+ Kh8 19. Ng1 Ncd4 20. Bd3 Bg4 21. Qc1 Qf8 22. Qe3 Re8 23. Nxf3 Nxf3 24. Rg1 Rxe5 25. Rxg4 Rxe3 26. fxe3 Qd6 27. Rg3 Ne5 28. Bf5 Qc6 29. Rag1 1/2-1/2

[Event "IECC Swiss-510.2"]
[Site "IECC email"]
[Date "2006.09.05"]
[Round "?"]
[White "Weir, Tony"]
[Black "Cashon, John J"]
[Result "1-0"]
[WhiteElo "2002"]
[BlackElo "1723"]
[PlyCount "75"]
[EventDate "2006.??.??"]
[EventType "swiss (corr)"]
[EventRounds "1"]
[SourceTitle "Corr 2020"]
[Source "ChessBase"]
[SourceDate "2019.09.30"]
[SourceVersion "1"]
[SourceVersionDate "2019.09.30"]
[SourceQuality "1"]
[WhiteTeam "England"]
[BlackTeam "United States"]
[WhiteTeamCountry "ENG"]
[BlackTeamCountry "USA"]

1. d4 Nf6 2. c4 e6 3. g3 d5 4. Nf3 c5 5. Bg2 dxc4 6. 0-0 cxd4 7. Nxd4 Bc5 8. Qa4+ Qd7 9. Nb5 0-0 10. Qxc4 Qe7 11. Bg5 Na6 12. N1c3 Bb6 13. Qh4 h6 14. Bxf6 Qxf6 15. Qxf6 gxf6 16. Rfd1 f5 17. a3 Nc5 18. b4 Ne4 19. Nxe4 fxe4 20. Bxe4 f5 21. Bg2 a5 22. Rac1 axb4 23. axb4 Bd8 24. Nd6 Be7 25. Rc7 Bxd6 26. Rxd6 Ra1+ 27. Bf1 Ra4 28. Rd1 Ra3 29. b5 Ra8 30. Bg2 Rf7 31. b6 Rf8 32. Bxb7 Bxb7 33. Rxb7 Rfb8 34. Ra7 Kf8 35. Rxa8 Rxa8 36. b7 Rb8 37. Rd7 Ke8 38. Rh7 1-0

[Event "IECC Swiss-496.3"]
[Site "IECC email"]
[Date "2006.03.14"]
[Round "?"]
[White "Wozniak, Zbigniew"]
[Black "Weir, Tony"]
[Result "1/2-1/2"]
[WhiteElo "1735"]
[BlackElo "2012"]
[PlyCount "104"]
[EventDate "2006.??.??"]
[EventType "swiss (corr)"]
[EventRounds "1"]
[SourceTitle "Corr 2020"]
[Source "ChessBase"]
[SourceDate "2019.09.30"]
[SourceVersion "1"]
[SourceVersionDate "2019.09.30"]
[SourceQuality "1"]
[WhiteTeam "Poland"]
[BlackTeam "England"]
[WhiteTeamCountry "POL"]
[BlackTeamCountry "ENG"]

1. e4 c5 2. Nf3 Nc6 3. d4 cxd4 4. Nxd4 Qb6 5. Nb3 Nf6 6. Nc3 e6 7. Bd3 a6 8. 0-0 d6 9. Kh1 Be7 10. f4 Qc7 11. Qf3 0-0 12. Bd2 b5 13. Rae1 Bb7 14. Qh3 Rad8 15. a3 b4 16. axb4 Nxb4 17. Nb5 axb5 18. Bxb4 e5 19. Ba5 Qc8 20. Bxd8 Qxh3 21. gxh3 Rxd8 22. Nd2 Rc8 23. fxe5 dxe5 24. Nf3 Bb4 25. Re3 Bc5 26. Re2 Bd6 27. c3 Kf8 28. Ra1 Rd8 29. Ra5 h6 30. Nd2 Nh5 31. Bxb5 Nf4 32. Ra7 Nxe2 33. Rxb7 Nf4 34. Rd7 Rxd7 35. Bxd7 Ke7 36. Bc8 Bc5 37. b4 Bf2 38. Nf3 f6 39. Ba6 g6 40. h4 h5 41. Bc4 Kd6 42. Bb3 Be3 43. Bf7 Bc1 44. b5 Kc5 45. c4 Be3 46. Ne1 Bd4 47. Nf3 Bf2 48. Nd2 Kb4 49. Nf1 Kc3 50. Ng3 Kd3 51. Bd5 Bd4 52. Bf7 Kc3 1/2-1/2

[Event "IECC Swiss-485.1"]
[Site "IECC email"]
[Date "2004.05.18"]
[Round "?"]
[White "Weir, Tony"]
[Black "Kota, Suman"]
[Result "1-0"]
[WhiteElo "1953"]
[BlackElo "1436"]
[PlyCount "27"]
[EventDate "2004.??.??"]
[EventType "swiss (corr)"]
[EventRounds "1"]
[SourceTitle "Corr 2020"]
[Source "ChessBase"]
[SourceDate "2019.09.30"]
[SourceVersion "1"]
[SourceVersionDate "2019.09.30"]
[SourceQuality "1"]
[WhiteTeam "England"]
[BlackTeam "India"]
[WhiteTeamCountry "ENG"]
[BlackTeamCountry "IND"]

1. d4 Nf6 2. Nf3 e6 3. c4 Be7 4. Nc3 b6 5. e4 d6 6. Bd3 0-0 7. 0-0 c5 8. e5 Ne8 9. Be4 d5 10. cxd5 Bb7 11. d6 Bxe4 12. dxe7 Qxe7 13. Nxe4 cxd4 14. Nxd4 1-0